Seminario sobre administración de servicio de aseo

Guardat en:
Dades bibliogràfiques
Autor corporatiu: Universidad de Chile (Autor)
Format: Llibre
Idioma:espanyol
Publicat: Valparaíso Universidad de Chile 1974
Col·lecció:Publicación: 0-8
Matèries:
Etiquetes: Afegir etiqueta
Sense etiquetes, Sigues el primer a etiquetar aquest registre!

MARC

LEADER 00000nam a2200000 a 4500
001 UCU6798
003 CL-VaPUC
008 960621e19740000CL |||||||||||||||||spa|d
082 0 4 |a 628.445  |b UNI  |2 21 
110 2 |a Universidad de Chile  |e author  |9 365193 
245 1 0 |a Seminario sobre administración de servicio de aseo 
300 |a 41 p 
942 |c BK 
945 |d 19960621 00:00:00  |a paguirre 
260 |a Valparaíso  |b Universidad de Chile  |c 1974 
650 0 |a Residuos   |9 343036 
650 7 |a BASURA  |2 CL-VaPUC  |9 349548 
650 7 |a ELIMINACION DE RESIDUOS  |2 CL-VaPUC  |9 332226 
650 7 |a SERVICIOS DE SANEAMIENTO  |2 CL-VaPUC  |9 361367 
650 7 |a SERVICIOS SANITARIOS  |2 CL-VaPUC  |9 359723 
583 |a last modification  |c 19960621 00:00:00  |k Rodrigo Vera 
490 0 |a Publicación: 0-8 
999 |c 249609  |d 249607 
952 |0 0  |1 0  |4 0  |6 628_445000000000000_UNI_1974  |7 0  |8 A  |9 266935  |a BIBING  |b BIBING  |d 2019-11-19  |i 1691643  |o 628.445 UNI 1974  |p 1691643  |r 2025-01-20  |w 2019-11-19  |y BK  |k CCL